000 00692nam a2200229 i 4500
001 bg
100 1 _aSTACHAK, Stanisław
245 1 0 _aPodstawy rachunku ekonomicznego /
_cStanisław Stachak ; Akademia Rolnicza w Szczecinie.
260 _aSzczecin :
_bWydaw. AR,
_c1994.
300 _a141 s. ;
_c24 cm.
504 _aBibliogr. s. 140.
650 9 _aRolnictwo
_xekonomika
650 9 _aGospodarstwo rolne
_xekonomika
650 9 _aGospodarstwo rolne
_xrachunkowość
650 9 _aRachunek ekonomiczny
_xrolnictwo
655 _aPodręczniki akademickie
040 _cBPK
041 0 _apl
080 _a631.16:657](075.8)
942 _cKS
008 s pl f |000 0 pol
999 _c25025
_d25025
856 _uhttp://koha.tu.koszalin.pl/cgi-bin/koha/opac-detail.pl?biblionumber=25025
_yKatalog online BPK